1716 1141 1574 1082 1675 1608 1494 1736 1488 1880 1827 1414 1414 1546 1909 1252 1004 1234 1118 1243 1129 1160 1079 1182 1847 1604 1989 1146 1139 1962 1269 1672 1607 1853 1224 1520 1948 1978 1576 1594 1220 1095 1215 1612 1934 1402 1788 1477 1981 1120 1426 1558 1320 1400 1694 1318 1191 1123 1656 1761 1309 1793 1237 1492 1600 1423 1253 1399 1516 1468 1792 1124 1200 1389 1984 1445 1313 1390 1508 1769 1494 1133 1171 1320 1330 1898 1575 1104 1270 1630 1644 1547 1313 1508 1820 1929 1468 1061 1595 BCNSPRNW ULIB Ver.6.0+V

เปลี่ยนเป็นภาษาไทย

Change to English
 แสดงรายละเอียดบรรณานุกรม
  กลับหน้าหลัก

Brief Record : Get Marc (ISO 2709) : E-mail record : QR code < ปิดหน้าต่าง
LEADER : 00000nam 2200000uu 4500
001    13399122828
003     ULIB
008    110706sมปป.||||th 000 0 tha d
020    9786162680618
050 04 BQ4570^bพ831ป
100 0  พุทธทาสภิกขุ อินทปัญโญ
245 10 ป่วยอย่างฉลาด /^cพุทธทาสภิกขุ อินทปัญโญ
260    กรุงเทพฯ :^bเลี่ยงเชียง เพียรเพื่อพุทธศาสน์,^cมปป.
300    47 หน้า :^bภาพประกอบ
650  7 ธรรมะ
945    ^p0^l0^i034055
945    ^p0^l0^i034056
995    ทศพร
999 ^a ใช้งานได้ทุกระบบ
รายการนี้ยังไม่มีแท็ก
คุณยังไม่ได้ล็อกอิน คุณสามารถมีกิจกรรมร่วมกับเว็บไซต์ได้ แต่ต้องล็อกอินก่อน ::
  ล็อกอิน

รายการสื่อสารสนเทศ

ลำดับที่ ประเภท เลขเรียก/บาร์โค้ด สถานที่ สถานะ
1. การศึกษาทั่วไป
หนังสือสำรอง
สถานะ=หนังสือสำรอง
BQ4570 พ831ป ฉ.1 
  Barcode: 034055
ห้องสมุดวิทยาเขตสวรรค์ประชารักษ์
►หนังสือทั่วไป
บนชั้น
2. การศึกษาทั่วไป
การศึกษาทั่วไป
BQ4570 พ831ป ฉ.2 
  Barcode: 034056
ห้องสมุดวิทยาเขตสวรรค์ประชารักษ์
►หนังสือทั่วไป
บนชั้น

รายการใกล้เคียง
    หัวเรื่อง [ธรรมะ]

BibComment


ยังไม่เคยถูกคอมเมนท์

คอมเมนท์ทรัพยากรรายการนี้
  คอมเมนท์: ป่วยอย่างฉลาด พุ..


 Copyright 2026. Bcnsprnw @Library